Służby mundurowe w Polsce - Statystyki

Ogólne statystyki
  • Ten quiz został rozwiązany 183 razy
  • Średni wynik to 6 z 16
Statystyki odpowiedzi
Służba mundurowa % Poprawnych
Policja
99%
Straż Pożarna
90%
Straż Graniczna
74%
Straż Miejska
67%
Służba Więzienna
38%
Wojsko Polskie
35%
Służba Celno-Skarbowa
28%
Agencja Bezpieczeństwa Wewnętrznego
23%
Straż Leśna
23%
Straż Ochrony Kolei
20%
Służba Ochrony Państwa
19%
Straż Marszałkowska
18%
Centralne Biuro Antykorupcyjne
15%
Inspekcja Transportu Drogowego
13%
Państwowa Straż Rybacka
4%
Państwowe Ratownictwo Medyczne
3%
Nie znaleziono quizów pasujących do podanych kryteriów
Rozkład punktacji
Procent ludzi z każdym wynikiem
Percentyl według liczby udzielonych odpowiedzi
Twoja historia wyników
Nie rozwiązałeś tego quizu